书目信息 |
| 题名: |
砖石结构设计手册
|
|
| 作者: | 《砖石结构设计手册》编写组 | |
| 分册: | ||
| 出版信息: | 北京 中国建筑工业出版社 1976.11 |
|
| 页数: | 413页 | |
| 开本: | 20cm | |
| 丛书名: | ||
| 单 册: | ||
| 中图分类: | TU36-62 | |
| 科图分类: | ||
| 主题词: | 土结构 , 竹结构 , 木结构 , 砖石结构 , 砌块结构 | |
| 电子资源: | ||
| ISBN: | 7-112-00171-4 | |
| 000 | 00743nam0 2200241 450 | |
| 001 | 0637121646 | |
| 005 | 20070118161947.56 | |
| 010 | @a7-112-00171-4@dRMB 4.85 | |
| 100 | @a20060303d1976 km y0chiy0120 ea | |
| 101 | 0 | @achi |
| 102 | @aCN@b110000 | |
| 200 | 1 | @a砖石结构设计手册@Azhuan shi jie gou she ji shou ce@f《砖石结构设计手册》编写组@F《zhuan shi jie gou she ji shou ce》bian xie zu |
| 210 | @a北京@c中国建筑工业出版社@d1976.11 | |
| 215 | @a413页@d20cm | |
| 606 | 0 | @a土结构 |
| 606 | 0 | @a竹结构 |
| 606 | 0 | @a木结构 |
| 606 | 0 | @a砖石结构 |
| 606 | 0 | @a砌块结构 |
| 690 | @aTU36-62@v3 | |
| 701 | 0 | @a《砖石结构设计手册》编写组@A《zhuan shi jie gou she ji shou ce》bian xie zu |
| 801 | 0 | @aCN@bPFT@c20070118 |
| 905 | @dTU36-62@eZ357 | |
| 砖石结构设计手册/《砖石结构设计手册》编写组.-北京:中国建筑工业出版社,1976.11 |
| 413页;20cm |
| ISBN 7-112-00171-4:RMB 4.85 |
| ● |
| 相关链接 |
|
|
|
正题名:砖石结构设计手册
索取号:TU36-62/Z357
 
预约/预借
| 序号 | 登录号 | 条形码 | 馆藏地/架位号 | 状态 | 备注 |
| 1 | 445053 | 204450539 | 建筑库101/101建筑库 84排2列1层/ [索取号:TU36-62/Z357] | 在馆 | |
| 2 | 466679 | 204666799 | 自科二线404/404自科库 26排2列4层/ [索取号:TU36-62/Z357] | 在馆 | |
| 3 | 466687 | 204666879 | 自科二线404/404自科库 26排2列4层/ [索取号:TU36-62/Z357] | 在馆 |